[Event "XIV C.to Italiano U20"]
[Site "Bratto - Castione della Presolana ITA"]
[Date "2006.08.19"]
[Round "1"]
[White "Popa, Dragos"]
[Black "Cozzarin, Davide"]
[Result "1-0"]
[WhiteElo "1703"]
[BlackElo "2062"]
[PlyCount "65"]
[EventDate "2006.08.19"]

1. e4 e6 2. d4 d5 3. e5 c5 4. c3 Nc6 5. Nf3 Nge7 6. dxc5 Ng6 7. b4 Ngxe5 8.
Nxe5 Nxe5 9. Be3 Bd7 10. Qh5 Nc6 11. Nd2 g6 12. Qd1 Bg7 13. Rc1 d4 14. Bxd4
Nxd4 15. cxd4 Bxd4 16. Nc4 Qf6 17. Nd6+ Kf8 18. Qd2 Bc6 19. f3 Be5 20. b5 Bd5
21. Bc4 Bxc4 22. Rxc4 Rd8 23. O-O Kg7 24. Rd1 Rd7 25. Ne8+ Rxe8 26. Qxd7 Re7
27. Qd8 Bc7 28. Qd4 Be5 29. Qh4 g5 30. Qe4 Bc7 31. Rcd4 Qh6 32. g3 f5 33. Qe2
1-0

[Event "XIV C.to Italiano U20"]
[Site "Bratto - Castione della Presolana ITA"]
[Date "2006.08.19"]
[Round "1"]
[White "Pulcini, Giorgio"]
[Black "Manconi, Antonio"]
[Result "0-1"]
[WhiteElo "1659"]
[BlackElo "2023"]
[PlyCount "104"]
[EventDate "2006.08.19"]

1. e4 c5 2. Bc4 e6 3. Nc3 Nc6 4. Nf3 a6 5. a4 Nf6 6. d3 d5 7. exd5 exd5 8. Bb3
h6 9. O-O Bg4 10. Qe1+ Be6 11. Bf4 Be7 12. Qd2 Nh5 13. Ne5 Nd4 14. Bg3 Nxg3 15.
fxg3 Nxb3 16. cxb3 d4 17. Ne2 Bxb3 18. Qf4 O-O 19. Ng4 Bg5 20. Qf2 f5 21. Nxh6+
Bxh6 22. Qf3 Qe7 23. Ra3 Qe3+ 24. Kh1 Qxf3 25. gxf3 Bd5 26. Kg2 Rfe8 27. Ng1
Re3 28. h3 Rae8 29. Kf2 R8e5 30. f4 Re6 31. Raa1 g5 32. fxg5 Bxg5 33. Nf3 Re2+
34. Kg1 Be3+ 35. Kh1 Bf2 36. Rxf2 Rxf2 37. Kg1 Rxf3 38. Rf1 Rxg3+ 39. Kf2 Rf3+
40. Kg1 Rxf1+ 41. Kxf1 Re3 42. h4 Rxd3 43. h5 Rb3 44. h6 Rxb2 45. a5 c4 46. h7+
Kxh7 47. Ke1 c3 48. Kd1 Bb3+ 49. Kc1 Rc2+ 50. Kb1 d3 51. Ka1 d2 52. Kb1 d1=Q#
0-1

[Event "XIV C.to Italiano U20"]
[Site "Bratto - Castione della Presolana ITA"]
[Date "2006.08.19"]
[Round "1"]
[White "Puleo, Diego"]
[Black "Taglione, Stefano"]
[Result "1-0"]
[WhiteElo "1767"]
[BlackElo "1667"]
[PlyCount "53"]
[EventDate "2006.08.19"]

1. e4 c5 2. c3 d5 3. exd5 Qxd5 4. d4 cxd4 5. cxd4 Nc6 6. Nf3 Bg4 7. Be2 e6 8.
a3 Be7 9. Nc3 Qd8 10. Be3 Nf6 11. h3 Bh5 12. g4 Bg6 13. Qb3 Qc7 14. Rc1 Rb8 15.
Nb5 Qa5+ 16. Kf1 a6 17. Bf4 Rc8 18. Nc3 b5 19. d5 exd5 20. Nxd5 O-O 21. Rxc6
Nxd5 22. Qxd5 Rcd8 23. Qb3 Be4 24. Bc7 Qa4 25. Qxa4 bxa4 26. Bxd8 Rxd8 27. Rxa6
1-0

[Event "XIV C.to Italiano U20"]
[Site "Bratto - Castione della Presolana ITA"]
[Date "2006.08.19"]
[Round "1"]
[White "Stella, Andrea"]
[Black "Paladino, Giovanni"]
[Result "1/2-1/2"]
[WhiteElo "2120"]
[BlackElo "1760"]
[PlyCount "94"]
[EventDate "2006.08.19"]

1. e4 e5 2. Nf3 Nc6 3. Bc4 Bc5 4. c3 Nf6 5. d3 h6 6. O-O O-O 7. d4 Bd6 8. Re1
Re8 9. Bd3 exd4 10. cxd4 Bb4 11. Nc3 d6 12. h3 a6 13. Bc2 Ba5 14. a3 b5 15. b4
Bb6 16. Qd3 Bb7 17. Bf4 Ne7 18. d5 Ng6 19. Be3 Rc8 20. Bxb6 cxb6 21. Rac1 Nh5
22. Bb3 Nhf4 23. Qe3 Qd7 24. Ne2 Rxc1 25. Rxc1 Bxd5 26. Bxd5 Nxd5 27. Qd4 Ngf4
28. Ng3 Nf6 29. Qe3 Ng6 30. Qxb6 Nxe4 31. Nxe4 Rxe4 32. Qxa6 Nf4 33. Qc8+ Qxc8
34. Rxc8+ Kh7 35. Rb8 Ne2+ 36. Kf1 Nc3 37. Rd8 d5 38. Rd7 f6 39. Ne1 Rd4 40.
Rb7 Rd1 41. f4 d4 42. Rd7 Nb1 43. f5 h5 44. h4 Nc3 45. Kf2 Rd2+ 46. Kg3 Rd1 47.
Kf2 Nb1 1/2-1/2

[Event "XIV C.to Italiano U20"]
[Site "Bratto - Castione della Presolana ITA"]
[Date "2006.08.19"]
[Round "1"]
[White "Testa, Adriano"]
[Black "Bellemo, Davide"]
[Result "0-1"]
[WhiteElo "1729"]
[BlackElo "2093"]
[PlyCount "84"]
[EventDate "2006.08.19"]

1. e4 e5 2. Nf3 Nc6 3. Bc4 Bc5 4. c3 Nf6 5. d3 h6 6. O-O d6 7. Be3 Bb6 8. h3
O-O 9. Bb3 Re8 10. Re1 d5 11. Bxb6 axb6 12. exd5 Nxd5 13. d4 e4 14. Nfd2 Nf6
15. Nf1 Bf5 16. Nbd2 Qd6 17. Bc2 Bg6 18. Ng3 e3 19. Nf3 exf2+ 20. Kxf2 Bxc2 21.
Qxc2 Rxe1 22. Nxe1 Qf4+ 23. Nf3 Re8 24. Qc1 Qd6 25. Qf1 Qd5 26. b3 Qa5 27. Qd3
Nd5 28. c4 Nf4 29. Qc2 Nb4 30. Qd2 Nbd3+ 31. Kf1 Qxd2 32. Nxd2 Re3 33. Nf3 g6
34. h4 Kg7 35. h5 Kf6 36. hxg6 fxg6 37. Kg1 g5 38. Kh2 h5 39. Rf1 h4 40. Nh5+
Nxh5 41. Nxh4+ Nhf4 42. Nf3 Re2 0-1

[Event "XIV C.to Italiano U20"]
[Site "Bratto - Castione della Presolana ITA"]
[Date "2006.08.19"]
[Round "1"]
[White "Valsecchi, Alessio"]
[Black "Zermian, Federico"]
[Result "1-0"]
[WhiteElo "2004"]
[BlackElo "1560"]
[PlyCount "77"]
[EventDate "2006.08.19"]

1. e4 e5 2. Nf3 Nc6 3. Bb5 a6 4. Bxc6 dxc6 5. O-O Bg4 6. h3 Bh5 7. Nc3 Qf6 8.
d3 Bxf3 9. Qxf3 Qxf3 10. gxf3 Bb4 11. a3 Ba5 12. b4 Bb6 13. Na4 Ba7 14. Bb2 f6
15. c4 b5 16. cxb5 cxb5 17. Nc5 Bxc5 18. bxc5 Rd8 19. Rfd1 Ne7 20. Bc1 Nc6 21.
Be3 Nd4 22. Bxd4 Rxd4 23. Kf1 Kf7 24. Ke2 Rhd8 25. Rab1 g6 26. Rb4 Kg7 27. Ke3
Kh6 28. Rxd4 Rxd4 29. f4 Kh5 30. fxe5 fxe5 31. f4 g5 32. fxe5 Rd7 33. d4 Re7
34. d5 Rxe5 35. Kd4 Re7 36. d6 cxd6 37. cxd6 Rd7 38. Kd5 Kg6 39. e5 1-0

[Event "XIV C.to Italiano U20"]
[Site "Bratto - Castione della Presolana ITA"]
[Date "2006.08.19"]
[Round "1"]
[White "Vocaturo, Daniele"]
[Black "Torrisi, Andrea"]
[Result "1-0"]
[WhiteElo "2410"]
[BlackElo "1917"]
[PlyCount "65"]
[EventDate "2006.08.19"]

1. e4 c5 2. Nf3 Nc6 3. d4 cxd4 4. Nxd4 Nf6 5. Nc3 e5 6. Ndb5 d6 7. Bg5 a6 8.
Na3 b5 9. Nd5 Be7 10. Bxf6 Bxf6 11. c3 Bg5 12. Nc2 O-O 13. a4 bxa4 14. Rxa4 a5
15. Bc4 Rb8 16. Ra2 g6 17. Nce3 Be6 18. Qa4 Ne7 19. b3 Bxe3 20. Nxe3 d5 21.
exd5 Bxd5 22. Rd2 Bc6 23. Rxd8 Bxa4 24. Rxf8+ Kxf8 25. bxa4 Rb1+ 26. Nd1 Ra1
27. Bb5 Nd5 28. O-O Ke7 29. c4 Nc7 30. Nc3 Ra3 31. Rc1 f5 32. c5 Ne6 33. Nd5+
1-0

[Event "XIV C.to Italiano U20"]
[Site "Bratto - Castione della Presolana ITA"]
[Date "2006.08.20"]
[Round "2"]
[White "Andreoni, Giuseppe"]
[Black "Popa, Dragos"]
[Result "1-0"]
[WhiteElo "2003"]
[BlackElo "1703"]
[PlyCount "56"]
[EventDate "2006.08.19"]

1. e4 e5 2. Nf3 Nf6 3. Nxe5 d6 4. Nf3 Nxe4 5. d4 d5 6. Bd3 Bd6 7. O-O O-O 8. c4
c6 9. Qc2 f5 10. Nc3 Bb4 11. cxd5 cxd5 12. Nxd5 Bd6 13. Qb3 Be6 14. Bc4 Kh8 15.
Qxb7 Nd7 16. Ne3 Qf6 17. Bxe6 Qxe6 18. Re1 Ndf6 19. Qb3 Qd7 20. Ne5 Qc7 21.
N3c4 Rae8 22. Nxd6 Nxd6 23. Bf4 Rb8 24. Qc3 Qb6 25. Qc6 Qxd4 26. Qxd6 Qxf4 27.
Ng6+ hxg6 28. Qxf4 Rxb2 1-0

[Event "XIV C.to Italiano U20"]
[Site "Bratto - Castione della Presolana ITA"]
[Date "2006.08.20"]
[Round "2"]
[White "Battistelli, Alessandro"]
[Black "Pulcini, Giorgio"]
[Result "1/2-1/2"]
[WhiteElo "1872"]
[BlackElo "1659"]
[PlyCount "88"]
[EventDate "2006.08.19"]

1. d4 d5 2. c4 e6 3. Nf3 c5 4. e3 Nc6 5. Nc3 Nf6 6. a3 Ne4 7. cxd5 exd5 8. dxc5
Nxc3 9. bxc3 Qa5 10. Qc2 Bxc5 11. Bd2 Qc7 12. Bd3 Ne5 13. Nxe5 Qxe5 14. Bb5+
Bd7 15. Bxd7+ Kxd7 16. O-O Qe4 17. Qb3 Rab8 18. Rfc1 Qc4 19. Rab1 b5 20. Rb2
Rb7 21. Rcb1 a6 22. Qxc4 dxc4 23. a4 Rhb8 24. axb5 Rxb5 25. Rxb5 Rxb5 26. Rxb5
axb5 27. Kf1 Kc6 28. Ke1 f5 29. h4 Kd5 30. Ke2 Be7 31. h5 Kc6 32. f3 Kb6 33. e4
g6 34. exf5 gxf5 35. g4 fxg4 36. fxg4 Bf8 37. g5 Ka5 38. Kd1 Ka4 39. Kc2 Ka5
40. g6 hxg6 41. hxg6 b4 42. cxb4+ Kb5 43. Kb2 Ka4 44. Bf4 Bg7+ 1/2-1/2

[Event "XIV C.to Italiano U20"]
[Site "Bratto - Castione della Presolana ITA"]
[Date "2006.08.20"]
[Round "2"]
[White "Bellemo, Davide"]
[Black "Caruana, Fabiano"]
[Result "0-1"]
[WhiteElo "2093"]
[BlackElo "2444"]
[PlyCount "127"]
[EventDate "2006.08.19"]

1. d4 Nf6 2. c4 Nc6 3. Nc3 e5 4. d5 Ne7 5. Bg5 Ng6 6. e3 Bb4 7. Nge2 h6 8. Bxf6
Qxf6 9. a3 Be7 10. Ng3 d6 11. Bd3 O-O 12. Nge4 Qh4 13. h3 Bd8 14. g3 Qe7 15.
Qh5 Nh8 16. g4 f5 17. Ng3 e4 18. Bc2 f4 19. Ngxe4 fxe3 20. fxe3 Bd7 21. g5 Qf7
22. Qxf7+ Nxf7 23. gxh6 Nxh6 24. Ke2 Bh4 25. Nb5 Bxb5 26. cxb5 Nf7 27. Raf1 Ne5
28. b3 Rae8 29. Rxf8+ Rxf8 30. Rf1 Re8 31. Rf5 Bd8 32. a4 g6 33. Nf6+ Bxf6 34.
Rxf6 Kg7 35. Rf4 Rh8 36. h4 Rh5 37. Be4 g5 38. hxg5 Rxg5 39. Rf2 Rg4 40. Rg2
Rxg2+ 41. Bxg2 Kf6 42. e4 Nd7 43. b4 Ke5 44. Kd3 Kf4 45. Kd4 Ne5 46. Bh3 b6 47.
Bf5 Kf3 48. a5 Ke2 49. axb6 axb6 50. Bh7 Nf3+ 51. Kc3 Ke3 52. Bg6 Nd2 53. Bf7
Nxe4+ 54. Kc4 Nf6 55. Bg6 Nd7 56. Bh7 Ne5+ 57. Kc3 Nf3 58. Kc4 Kf4 59. Bg8 Ke5
60. Bf7 Nd4 61. Bg6 Nf5 62. Bf7 Ne3+ 63. Kc3 Nxd5+ 64. Kc4 0-1

[Event "XIV C.to Italiano U20"]
[Site "Bratto - Castione della Presolana ITA"]
[Date "2006.08.20"]
[Round "2"]
[White "Cocuzzi, Edoardo"]
[Black "Parodi, Alessandro"]
[Result "0-1"]
[WhiteElo "1689"]
[BlackElo "1918"]
[PlyCount "170"]
[EventDate "2006.08.19"]

1. e4 d6 2. d4 Nf6 3. Nc3 g6 4. Be2 Bg7 5. Be3 O-O 6. g4 c6 7. g5 Nfd7 8. h4 b5
9. a3 Qa5 10. Qd2 Nb6 11. h5 N8d7 12. hxg6 fxg6 13. Nh3 Rf7 14. Nf4 Nf8 15. Nd3
Nc4 16. Qc1 Ne6 17. e5 dxe5 18. dxe5 Nxe5 19. Bd2 Qc7 20. Ne4 Nd4 21. f4 Nxd3+
22. Bxd3 Nf3+ 23. Ke2 Nxd2 24. Qxd2 Bg4+ 25. Ke1 Qxf4 26. Nf6+ Bxf6 27. Qxf4
Bc3+ 28. Qd2 Bxd2+ 29. Kxd2 Bf5 30. Be2 Be4 31. Rh4 Bd5 32. b3 a6 33. c4 Bf3
34. Bd3 Re8 35. cxb5 cxb5 36. a4 Bc6 37. Rc1 Bd7 38. Rc7 e5 39. axb5 axb5 40.
Rc5 Rf4 41. Rh6 e4 42. Be2 e3+ 43. Ke1 Rc8 44. Rxc8+ Bxc8 45. Bxb5 Be6 46. Ke2
Bxb3 47. Bd7 Re4 48. Rh3 Bc4+ 49. Ke1 e2 50. Rc3 Kg7 51. Bc6 Rd4 52. Rc1 Rf4
53. Bf3 Rxf3 54. Rxc4 Re3 55. Rc7+ Kg8 56. Rc8+ Kf7 57. Rc7+ Re7 58. Rc6 Kg7
59. Rd6 h6 60. gxh6+ Kxh6 61. Rc6 Kh5 62. Rc5+ g5 63. Rc8 Kh4 64. Rh8+ Kg3 65.
Rh6 Re4 66. Rg6 g4 67. Rh6 Kf3 68. Rf6+ Rf4 69. Rb6 g3 70. Rb3+ Kg4 71. Kxe2 g2
72. Rb8 Kg3 73. Rg8+ Kh2 74. Rh8+ Kg1 75. Rh7 Rf2+ 76. Ke1 Rf6 77. Rh8 Re6+ 78.
Kd2 Re4 79. Kd3 Kf2 80. Rf8+ Ke1 81. Ra8 Re2 82. Rg8 Rf2 83. Ra8 Rd2+ 84. Kc3
g1=Q 85. Ra1+ Rd1 0-1

[Event "XIV C.to Italiano U20"]
[Site "Bratto - Castione della Presolana ITA"]
[Date "2006.08.20"]
[Round "2"]
[White "Cozzarin, Davide"]
[Black "Coladangelo, Andrea"]
[Result "1/2-1/2"]
[WhiteElo "2062"]
[BlackElo "1548"]
[PlyCount "66"]
[EventDate "2006.08.19"]

1. d4 Nf6 2. c4 g6 3. Nc3 Bg7 4. e4 d6 5. f3 O-O 6. Be3 e5 7. Nge2 Nc6 8. Rb1
Ne7 9. Qd2 Nd7 10. Ng3 exd4 11. Bxd4 Bxd4 12. Qxd4 Nc6 13. Qd2 Nb6 14. Be2 Ne5
15. b3 Be6 16. O-O a6 17. f4 Nc6 18. f5 Bc8 19. f6 Kh8 20. Qh6 Rg8 21. Rf4 Qf8
22. Rh4 Qxh6 23. Rxh6 Re8 24. Rf1 Nd4 25. Bd3 Re5 26. Nd5 Ne6 27. Bb1 Nxd5 28.
exd5 Nf8 29. Rh4 Bd7 30. Rhf4 Rae8 31. h4 h5 32. Ne4 Nh7 33. Ng3 Nf8 1/2-1/2

[Event "XIV C.to Italiano U20"]
[Site "Bratto - Castione della Presolana ITA"]
[Date "2006.08.20"]
[Round "2"]
[White "Dini, Andrea"]
[Black "Bernardini, Luca"]
[Result "1/2-1/2"]
[WhiteElo "1930"]
[BlackElo "1826"]
[PlyCount "85"]
[EventDate "2006.08.19"]

1. d4 d5 2. c4 c6 3. Nf3 Nf6 4. Nbd2 e6 5. g3 Nbd7 6. Bg2 Bd6 7. O-O O-O 8. b3
e5 9. cxd5 e4 10. Ng5 cxd5 11. f3 Nh5 12. Nb1 h6 13. Nh3 Ndf6 14. Nc3 Bd7 15.
Nf2 Qc7 16. Bb2 Nxg3 17. hxg3 Bxg3 18. fxe4 Bh2+ 19. Kh1 Qg3 20. Qd3 Qh4 21.
Bh3 Bg3 22. Kg2 Nh5 23. Bc1 Bxf2 24. Rxf2 dxe4 25. Qe3 Bxh3+ 26. Qxh3 Qxh3+ 27.
Kxh3 Nf6 28. Ba3 Rfc8 29. Rc1 a6 30. e3 Rc7 31. Nb1 Rxc1 32. Bxc1 Rc8 33. Bb2
Nd5 34. Re2 f5 35. Na3 b5 36. Rc2 Rxc2 37. Nxc2 g5 38. Bc1 Kf7 39. Bd2 h5 40.
Kg3 Kg6 41. Nb4 f4+ 42. exf4 gxf4+ 43. Kg2 1/2-1/2

[Event "XIV C.to Italiano U20"]
[Site "Bratto - Castione della Presolana ITA"]
[Date "2006.08.20"]
[Round "2"]
[White "Gallucci, Alessio"]
[Black "Boscolo, Marco"]
[Result "1-0"]
[WhiteElo "1840"]
[BlackElo "2041"]
[PlyCount "119"]
[EventDate "2006.08.19"]

1. e4 Nf6 2. e5 Nd5 3. d4 d6 4. c4 Nb6 5. f4 dxe5 6. fxe5 Nc6 7. Be3 Bf5 8. Nf3
e6 9. a3 Bg4 10. Be2 Bxf3 11. gxf3 Qh4+ 12. Bf2 Qf4 13. Nc3 O-O-O 14. Ne4 Be7
15. O-O Bh4 16. Bxh4 Qxh4 17. c5 Nd5 18. Qa4 Nf4 19. Bb5 Rxd4 20. Bxc6 Rxa4 21.
Bxa4 f5 22. Ng3 Qh3 23. Rf2 h5 24. Rd1 h4 25. Ne2 Nxe2+ 26. Rxe2 Qxf3 27. Bd7+
Kb8 28. Rdd2 g5 29. Bxe6 g4 30. Bd5 Qf4 31. e6 Re8 32. e7 c6 33. Be6 Qg5 34.
Rd7 a6 35. Bf7 Qc1+ 36. Kg2 h3+ 37. Kg3 f4+ 38. Kxg4 f3 39. Rd8+ Ka7 40. Rxe8
fxe2 41. Ra8+ Kxa8 42. e8=Q+ Ka7 43. Qxe2 Qxc5 44. Be6 Qd4+ 45. Kxh3 c5 46. Kg3
Qg1+ 47. Kf3 Qg5 48. Kf2 Qf6+ 49. Ke1 b5 50. h3 Qf4 51. Kd1 Kb6 52. Bg4 b4 53.
axb4 Qxb4 54. Bc8 Qa4+ 55. Kc1 Qa1+ 56. Kc2 Qa4+ 57. Kb1 c4 58. Qe6+ Kc5 59.
Qe7+ Kb6 60. Qd6+ 1-0

[Event "XIV C.to Italiano U20"]
[Site "Bratto - Castione della Presolana ITA"]
[Date "2006.08.20"]
[Round "2"]
[White "Gilardi, Davide"]
[Black "Mora, Lorenzo"]
[Result "1/2-1/2"]
[WhiteElo "1518"]
[BlackElo "1871"]
[PlyCount "134"]
[EventDate "2006.08.19"]

1. d4 Nf6 2. c4 g6 3. Nc3 Bg7 4. e4 d6 5. f3 O-O 6. Be3 Nbd7 7. Nh3 c5 8. d5
Ne5 9. Nf2 e6 10. Be2 exd5 11. cxd5 Ne8 12. g4 Nc7 13. h4 b5 14. f4 Nd7 15. Qd2
b4 16. Ncd1 Bb7 17. f5 Nb6 18. Bh6 Qe7 19. Bxg7 Kxg7 20. h5 g5 21. h6+ Kh8 22.
Kf1 Rae8 23. a3 Ba6 24. Bxa6 Nxa6 25. b3 Qe5 26. Qb2 c4 27. Qxe5+ Rxe5 28. axb4
Nxb4 29. bxc4 Nxc4 30. Kg2 Ra8 31. Ra4 a5 32. Nc3 Ree8 33. Rha1 Nc2 34. R1a2
Reb8 35. Kf3 Nd4+ 36. Kg3 Rc8 37. Ne2 Nxe2+ 38. Rxe2 Nb6 39. Ra3 a4 40. Rea2
Rc4 41. Rb2 Ra6 42. Kf3 Kg8 43. Ke3 Rc1 44. Ke2 Rg1 45. Rc3 f6 46. Rc7 a3 47.
Ra2 Rg2 48. Ke3 Rh2 49. Rc6 Rxh6 50. Ke2 Kf7 51. Rxd6 Rh2 52. Rc6 Ke7 53. Rc3
Ra4 54. Kf3 Nc4 55. Kg3 Rh4 56. Kf3 h5 57. gxh5 Rxh5 58. Rxc4 Rxc4 59. Rxa3 Rh4
60. Ke3 Rc2 61. Ra7+ Ke8 62. Ra8+ Kd7 63. Ra7+ Kd6 64. Ra6+ Ke7 65. Ra7+ Kd8
66. Ra8+ Rc8 67. Ra6 Ke7 1/2-1/2

[Event "XIV C.to Italiano U20"]
[Site "Bratto - Castione della Presolana ITA"]
[Date "2006.08.20"]
[Round "2"]
[White "Lain, Luigi"]
[Black "Finocchiaro, Gianluca"]
[Result "1-0"]
[WhiteElo "2254"]
[BlackElo "1986"]
[PlyCount "45"]
[EventDate "2006.08.19"]

1. d4 Nf6 2. c4 g6 3. f3 d5 4. cxd5 Nxd5 5. e4 Nb6 6. Nc3 Bg7 7. Be3 O-O 8. Qd2
Nc6 9. O-O-O e5 10. d5 Nd4 11. h4 c5 12. h5 f5 13. hxg6 hxg6 14. Bh6 f4 15.
Bxg7 Kxg7 16. Kb1 Bd7 17. Rc1 a5 18. Nce2 Qe7 19. g3 Rh8 20. Rxh8 Rxh8 21. gxf4
Nxe2 22. Nxe2 a4 23. Qc3 1-0

[Event "XIV C.to Italiano U20"]
[Site "Bratto - Castione della Presolana ITA"]
[Date "2006.08.20"]
[Round "2"]
[White "Lapiccirella, Daniele"]
[Black "Bartoli, Fabio"]
[Result "1-0"]
[WhiteElo "2146"]
[BlackElo "1572"]
[PlyCount "63"]
[EventDate "2006.08.19"]

1. d4 d5 2. c4 e6 3. Nc3 Nf6 4. cxd5 Nxd5 5. e4 Nxc3 6. bxc3 c5 7. Nf3 cxd4 8.
cxd4 Qa5+ 9. Bd2 Bb4 10. Rb1 Bxd2+ 11. Qxd2 Qxd2+ 12. Kxd2 Ke7 13. Ke3 Rd8 14.
h4 b6 15. Bb5 Bd7 16. Rhc1 Bxb5 17. Rxb5 Na6 18. Rb3 f6 19. g4 Kd7 20. g5 Rdc8
21. Rg1 fxg5 22. Nxg5 h6 23. Nf7 Rg8 24. Ne5+ Kd6 25. Rg6 Nc7 26. Rc3 Rac8 27.
Rc6+ Ke7 28. a4 b5 29. axb5 Nxb5 30. Rcxe6+ Kd8 31. Nc6+ Kd7 32. Re7# 1-0

[Event "XIV C.to Italiano U20"]
[Site "Bratto - Castione della Presolana ITA"]
[Date "2006.08.20"]
[Round "2"]
[White "Locci, Damiano"]
[Black "Navarro, Stefano"]
[Result "1/2-1/2"]
[WhiteElo "1976"]
[BlackElo "2224"]
[PlyCount "46"]
[EventDate "2006.08.19"]

1. e4 e5 2. Nf3 d6 3. Bc4 Be7 4. O-O Nf6 5. Re1 O-O 6. h3 c6 7. Bb3 Nbd7 8. c3
b5 9. d3 Qc7 10. Bg5 Nc5 11. Bc2 Ne6 12. Bc1 Re8 13. d4 Nf8 14. Nbd2 Ng6 15.
Nf1 h6 16. Ng3 Nh7 17. Nf5 Bf6 18. a4 Bd7 19. axb5 cxb5 20. dxe5 dxe5 21. Qd6
Qxd6 22. Nxd6 Rf8 23. Ra6 Ne7 1/2-1/2

[Event "XIV C.to Italiano U20"]
[Site "Bratto - Castione della Presolana ITA"]
[Date "2006.08.20"]
[Round "2"]
[White "Manconi, Antonio"]
[Black "Dvirnyy, Danyyil"]
[Result "0-1"]
[WhiteElo "2023"]
[BlackElo "2280"]
[PlyCount "58"]
[EventDate "2006.08.19"]

1. e4 c5 2. Nf3 Nc6 3. d4 cxd4 4. Nxd4 Nf6 5. Nc3 d6 6. Bc4 Bd7 7. Bg5 Qa5 8.
Bxf6 gxf6 9. O-O Qc5 10. Ndb5 Rc8 11. Qd5 Ne5 12. Be2 a6 13. Qxc5 Rxc5 14. Nd4
e6 15. Rfd1 Ke7 16. a4 Bh6 17. g3 Rhc8 18. f4 Nc4 19. b4 R5c7 20. Kf2 Bg7 21.
b5 Nb2 22. Rdb1 Rxc3 23. Rxb2 f5 24. e5 dxe5 25. bxa6 bxa6 26. Bxa6 exf4 27.
Nxf5+ exf5 28. Bxc8 Rxc8 29. gxf4 Bxb2 0-1

[Event "XIV C.to Italiano U20"]
[Site "Bratto - Castione della Presolana ITA"]
[Date "2006.08.20"]
[Round "2"]
[White "Marazzi, Dominic"]
[Black "Bonafede, Alessandro"]
[Result "0-1"]
[WhiteElo "1679"]
[BlackElo "2175"]
[PlyCount "102"]
[EventDate "2006.08.19"]

1. Nf3 d6 2. d4 Nf6 3. c4 g6 4. Nc3 Bg7 5. e4 O-O 6. h3 e5 7. Be3 exd4 8. Nxd4
Re8 9. f3 Nh5 10. g4 Ng3 11. Rg1 Nxf1 12. Kxf1 Nd7 13. Qd2 Ne5 14. Qe2 c5 15.
Nb3 Be6 16. Nd2 Nc6 17. Kg2 Nd4 18. Qd3 a6 19. Nb3 Nc6 20. Rad1 Ne5 21. Qxd6
Qxd6 22. Rxd6 Nxc4 23. Bxc5 Nxd6 24. Bxd6 Rad8 25. Rd1 Bxb3 26. axb3 Bxc3 27.
bxc3 Re6 28. e5 f6 29. f4 fxe5 30. fxe5 Rxe5 31. Bxe5 Rxd1 32. h4 Rd3 33. b4
Kf7 34. Bd4 Ke6 35. h5 gxh5 36. gxh5 Kf5 37. h6 Kg6 38. Bg7 Rd7 39. Bf8 Rf7 40.
Bc5 Kxh6 41. Kg3 Kg5 42. Be3+ Kf5 43. c4 Ke4 44. Bc1 Kd3 45. b5 Kxc4 46. bxa6
bxa6 47. Ba3 a5 48. Kg4 a4 49. Bd6 Kb3 50. Bc5 a3 51. Kh5 Rf5+ 0-1

[Event "XIV C.to Italiano U20"]
[Site "Bratto - Castione della Presolana ITA"]
[Date "2006.08.20"]
[Round "2"]
[White "Mereu, Matteo"]
[Black "Cantu', Guido"]
[Result "1-0"]
[WhiteElo "1497"]
[BlackElo "1842"]
[PlyCount "71"]
[EventDate "2006.08.19"]

1. e4 c5 2. b4 d6 3. Nf3 Nf6 4. d3 cxb4 5. a3 bxa3 6. Bxa3 g6 7. Nbd2 Bg7 8. d4
O-O 9. Bd3 Nbd7 10. c3 Qc7 11. Qc2 Re8 12. O-O e5 13. Nc4 d5 14. Bd6 Qc6 15.
exd5 Nxd5 16. Nfxe5 Nxe5 17. dxe5 Nf4 18. f3 Nxd3 19. Qxd3 Bf5 20. Qd4 Rec8 21.
Ne3 Qxc3 22. Nxf5 gxf5 23. Qf4 Rc4 24. Qxf5 Qe3+ 25. Kh1 Rac8 26. Qd7 Rc1 27.
f4 Rxf1+ 28. Rxf1 Qc1 29. Kg1 Qc6 30. Qg4 Kh8 31. Qf5 Rg8 32. Qxf7 Bh6 33. Qf6+
Rg7 34. g3 Qe4 35. Bf8 Qe3+ 36. Rf2 1-0

[Event "XIV C.to Italiano U20"]
[Site "Bratto - Castione della Presolana ITA"]
[Date "2006.08.20"]
[Round "2"]
[White "Pomaro, Alberto"]
[Black "Vocaturo, Daniele"]
[Result "0-1"]
[WhiteElo "2046"]
[BlackElo "2410"]
[PlyCount "108"]
[EventDate "2006.08.19"]

1. d4 Nf6 2. c4 c5 3. d5 e5 4. Nc3 d6 5. e4 Be7 6. Nf3 O-O 7. Be2 Ne8 8. O-O
Nd7 9. Be3 g6 10. Ne1 Bg5 11. Qd2 Bxe3 12. Qxe3 Nc7 13. Nd3 Qe7 14. a3 f5 15.
f3 f4 16. Qf2 h5 17. b4 b6 18. a4 a5 19. bxc5 bxc5 20. Rfb1 g5 21. Kf1 g4 22.
Ke1 Qg5 23. Kd2 Ne8 24. h3 Nc7 25. Nb5 Nxb5 26. cxb5 Bb7 27. Kc2 Qg6 28. Kb3
c4+ 29. Kxc4 Nf6 30. Kb3 Nxe4 31. fxe4 Qxe4 32. Rc1 Bxd5+ 33. Ka3 f3 34. gxf3
Rxf3 35. Qe1 Rxd3+ 36. Bxd3 Qxd3+ 37. Qc3 Qxh3 38. Qxh3 gxh3 39. Rd1 Bg2 40.
Rxd6 Rf8 41. Rg1 Rf3+ 42. Kb2 Rf2+ 43. Kc3 h2 44. Rg6+ Kf7 45. R6xg2 Rxg2 46.
Rh1 Ke6 47. Kc4 Kd6 48. Rd1+ Kc7 49. Rh1 Kb6 50. Kd5 h4 51. Kc4 Rg4+ 52. Kb3
Rg3+ 53. Ka2 Rh3 54. Kb2 e4 0-1

[Event "XIV C.to Italiano U20"]
[Site "Bratto - Castione della Presolana ITA"]
[Date "2006.08.20"]
[Round "2"]
[White "Regorda, Massimiliano"]
[Black "De Filomeno, Simone"]
[Result "0-1"]
[WhiteElo "1882"]
[BlackElo "1687"]
[PlyCount "30"]
[EventDate "2006.08.19"]

1. e4 e5 2. Nf3 Nf6 3. Nxe5 d6 4. Nf3 Nxe4 5. d4 d5 6. Bd3 Bd6 7. Nc3 Nxc3 8.
bxc3 Bg4 9. O-O O-O 10. Bxh7+ Kxh7 11. Ng5+ Qxg5 12. f3 Qh4 13. g3 Bxg3 14.
hxg3 Qxg3+ 15. Kh1 Rh8 0-1

[Event "XIV C.to Italiano U20"]
[Site "Bratto - Castione della Presolana ITA"]
[Date "2006.08.20"]
[Round "2"]
[White "Romano, Zeno"]
[Black "Palmitessa, Andrea"]
[Result "1-0"]
[WhiteElo "1862"]
[BlackElo "1512"]
[PlyCount "57"]
[EventDate "2006.08.19"]

1. e4 e5 2. Nf3 Nc6 3. Bc4 Be7 4. d4 exd4 5. Nxd4 Ne5 6. Bb3 d6 7. O-O Nf6 8.
Nc3 Bd7 9. f4 Ng6 10. Qe1 O-O 11. Kh1 c5 12. Nf3 Bc6 13. f5 Ne5 14. Nxe5 dxe5
15. Bg5 Nd7 16. Bxe7 Qxe7 17. Bd5 Bxd5 18. Nxd5 Qd8 19. f6 Nxf6 20. Rxf6 gxf6
21. Qh4 Kg7 22. Rf1 f5 23. Qg3+ Kh8 24. Rxf5 f6 25. Qh4 Kg7 26. Rh5 Rh8 27. Rh6
f5 28. Rf6 h6 29. Qg3+ 1-0

[Event "XIV C.to Italiano U20"]
[Site "Bratto - Castione della Presolana ITA"]
[Date "2006.08.20"]
[Round "2"]
[White "Rombaldoni, Brian"]
[Black "Stella, Andrea"]
[Result "0-1"]
[WhiteElo "1704"]
[BlackElo "2120"]
[PlyCount "60"]
[EventDate "2006.08.19"]

1. d4 Nf6 2. Nf3 b6 3. Bf4 Bb7 4. Nbd2 Nh5 5. Bg3 Nxg3 6. hxg3 c5 7. dxc5 bxc5
8. c3 e6 9. Qc2 h6 10. O-O-O Be7 11. Ne5 Qc7 12. f4 d6 13. Nec4 Nd7 14. Na3 a6
15. e4 d5 16. exd5 Bxd5 17. Bc4 Bxg2 18. Rhe1 O-O 19. Ne4 Bf3 20. Be2 Bxe2 21.
Rxe2 Nf6 22. Rh1 Qc6 23. Nxf6+ Bxf6 24. Reh2 Qf3 25. Rh3 Rfd8 26. Qh2 Rd3 27.
Nc2 Rad8 28. Qg1 Rxc3 29. bxc3 Qxc3 30. Qd4 cxd4 0-1

[Event "XIV C.to Italiano U20"]
[Site "Bratto - Castione della Presolana ITA"]
[Date "2006.08.20"]
[Round "2"]
[White "Rombaldoni, Denis"]
[Black "Valsecchi, Alessio"]
[Result "1-0"]
[WhiteElo "2348"]
[BlackElo "2004"]
[PlyCount "79"]
[EventDate "2006.08.19"]

1. d4 Nf6 2. c4 c5 3. d5 b5 4. cxb5 a6 5. bxa6 g6 6. Nc3 Bxa6 7. g3 Bg7 8. Bg2
d6 9. Nf3 O-O 10. O-O Nbd7 11. Rb1 Qa5 12. Qc2 Rfb8 13. Bd2 Ng4 14. b3 Nge5 15.
Nh4 Ra7 16. h3 Nf8 17. f4 Ned7 18. Kh2 Rab7 19. Na4 Qc7 20. Rbc1 c4 21. Nf3 Rc8
22. Qd1 Qb8 23. b4 c3 24. Bxc3 Bxc3 25. Nxc3 Rxb4 26. Nd4 Bb7 27. Nc6 Bxc6 28.
dxc6 Nf6 29. Rb1 Ne6 30. a3 Rxb1 31. Qxb1 Qxb1 32. Rxb1 Nd4 33. Rb6 e6 34. e3
Nf5 35. Nb5 Ne8 36. c7 d5 37. Rb8 Nfd6 38. Nxd6 Nxd6 39. Rxc8+ Nxc8 40. Bf1 1-0